000 00468nab a2200145Ia 4500
003 ES-SlBCS
005 20210601132854.0
008 140529s1966 xxu||||| |||| 00| 0 ita d
041 _aita
100 1 _aManno, Ambrogio Giacomo
_912795
245 0 0 _aIntroduzione al concetto scotistico di essere
_c Ambrogio Giacomo Manno
600 1 _aDuns Escoto, Juan-Ser
_9199694
773 0 _tGiornali di Metafisica
_gvol. 21, nº. 6, 1966, págs. 822-848
_w0017-0372
942 _cAR
999 _c586995
_d586995